000 00878cab a2200253 4500
001 ABS56578
008 090401t1997 xxu||||| |||| 00| 0 eng d
035 _a(Sirsi) u24649
041 _aeng
100 _aShirley, G.
245 _aLittle light relief
260 _c1997
350 _a0
490 _aSurveyor
_v13 February 1997, 22-23(2)
520 _aDiscusses the problem of light pollution which is set to increase by 2000 as showy millennium projects come into effect. Calls for guidelines to be introduced to reduce excessive light levels in residential areas and to ensure listed buildings are not lit inappropriately.
650 _aFLOODLIGHTING
650 _aLIGHT POLLUTION
650 _aLIGHTING
650 _aMILLENNIUM PROJECTS
650 _aSECURITY LIGHTING
690 _aENVIRONMENTAL AND LAND CONSULTANCY
942 _n0
948 _c04/03/1997
999 _c16535
_d16535